000 00748nam a2200169Ia 4500
008 180921t2017 xxu||||| |||| 00| 0 sin d
041 _asin
080 _a294.3 ඤ
_bඤාණාන
100 _aඤාණානන්ද හිමි, කිරිබත්ගොඩ
245 _aනුවණ ලැබීමට මුල් වන දේඃ චතුරාර්ය සත්‍යාවබෝධයට ධර්ම දේශනා
246 _aNuwana labimata mulwana de: chathurarya sathyawabodayata dharma deshana
260 _bමහාමේඝ ප්‍රකාශකයෝ
_aපොල්ගස්ඕවිට
_c2017
300 _bපි.98, සෙ.මි.21
942 _cBK
999 _c6652
_d6652
003 LK-CoDNM
040 _aLK-CoDNM
_dLK-CoDNM
_eLK-CoDNM